000
00216nam a22000857a 4500
008
170131b xxu||||| |||| 00| 0 eng d
100
_9
2697
_a
Ramanathan
245
_a
Who is Kalam?
260
_a
New Delhi
_b
Koanark Press
_c
2003
999
_c
5858
_d
5858